000 00825nam a2200193Ia 4500
003 GCL
008 140319s9999 xx 000 0 ara d
040 _aGCL /
_cGCL
082 0 4 _a953.07393
_bش ن
100 1 _aابن شداد : بهاءالدين ابو المحاسن يوسف بن رافع بن تميم الاسدى
245 1 0 _aالنوادر السلطانية والمحاسن اليوسفية أو سيرة صلاح الدين /
_cابن شداد : بهاءالدين ابو المحاسن يوسف بن رافع بن تميم الاسدى
260 _a[S.N] :
_bمكتبة الخانجى ،
_c1994
300 _a382 ص
490 _aتراثنا
_v0
650 0 4 _aالحروب الصليبية
650 0 4 _aالدولة الايوبية
650 0 4 _aصلاح الدين الايوبى
942 _2ddc
_cBK
999 _c36815
_d36815